| 000 | 00602nam a22002177a 4500 | ||
|---|---|---|---|
| 003 | OSt | ||
| 005 | 20210420062438.0 | ||
| 008 | 201126b1919 ||||| |||| 00| 0 eng d | ||
| 020 | _a9781173075767 | ||
| 040 | _cDLC | ||
| 041 | _aeng | ||
| 080 |
_a61(09) _bP-11 |
||
| 100 |
_9390 _aPackard,R.Francis _eeditor |
||
| 245 | _aAnnals of medical history volume 2 | ||
| 250 | _avolume 2 | ||
| 260 |
_anew york _bPaul B.Hober, Publisher _c1919 reprinted in 2000s |
||
| 300 |
_a405 _bill |
||
| 650 | 0 |
_9335 _aHistory of Medicine |
|
| 653 | _aმედიცინის ისტორია | ||
| 942 |
_2udc _cBK |
||
| 999 |
_c470 _d470 |
||